Statystyki dla Quiz o Algierii

Kliknij tutaj aby rozwiązać quiz!

Ogólne statystyki

  • Ten quiz został rozwiązany 2 434 razy
  • Średni wynik to 13 z 20

Statystyki odpowiedzi

WskazówkaOdpowiedź% Poprawnych
Stolica i największe miastoAlgier
96%
Państwo granicząceMaroko
95%
Państwo granicząceTunezja
93%
Państwo granicząceLibia
92%
Państwo granicząceMali
86%
Europejski kraj, od którego Algieria
odzyskała niepodległość w 1962 r.
Francja
85%
Pustynia, która pokrywa większość
terytorium kraju
Sahara
85%
Państwo granicząceMauretania
83%
Algeria jest największym krajem
w Afryce. Który jest drugi?
D. R. Konga
82%
Państwo granicząceNiger
82%
Języki urzędoweArabski
80%
Procent Algierczyków, którzy wyznają
islam w zaokrągleniu do całości
99%
68%
Pasmo górskie przebiegające przez
północne terytorium Algierii
Atlas
57%
Najważniejszy eksportowany towarRopa naftowa
45%
Seria wojen, które zakończyły się
zniszczeniem Kartaginy
i ustanowieniem rządów rzymskich
Wojny punickie
44%
Drugie największe miasto
(podpowiedź: 4 litery)
Oran
36%
Waluta AlgieriiDinar
32%
Region północnoafrykański, którego
Algieria jest częścią
(zaczyna się na M)
Maghreb
29%
Języki urzędoweBerberyjski
28%
Dwuliterowy kod państwaDZ
20%

Rozkład punktacji

Percentyl według liczby udzielonych odpowiedzi

Procent ludzi z każdym wynikiem

Twoja historia wyników

Nie rozwiązałeś tego quizu